000 00931nam a2200229Ia 4500
999 _c52979
_d52979
001 20010
003 GE_BSU
005 20200529150716.0
008 181216s1982||||ge |||||||||||||| ||geo||
040 _cGE_BSU
041 _ageo
080 _a821.353.1.0(038) ს-26
100 _aსანიკიძე, თენგიზ
_98206
245 _aაკაკი წერეთლის პოეზიის ლექსიკონი : წ. 1 :
_b ა - მ. /
_cთენგიზ სანიკიძე ; რედ. შ. ძიძიგური
264 _aთბილისი :
_bუნ-ტის გამ-ბა,
_c1982.
300 _a551 გვ. ;
_c21 სმ.
541 _h6ლ.60თ.
653 _aწერეთელი აკაკი
653 _aქართველი მწერლები
700 _aძიძიგური, შ.
_eრედაქტორი
_92258
942 _cBK
_2udc